沉月之鑰 第二部 . 護印 . 卷八
| 資料類型: | 圖書 | 書目號: | 52887 |
Leader xxxxxxxxxx 001 __ 102575/2/01 005 __ 20190417142259.372 010 0_ |a978-986-95725-3-8|b第8冊 : 平裝|d新臺幣229元 042 __ |anbim 100 __ |a20190417d2018 m y0chiy50 e 101 0_ |achi 102 __ |atw 105 __ |aa z 000ay 200 1_ |a沉月之鑰 第二部|e|h卷八|i護印|f水泉著|g竹官@CIMIX封面、內頁繪 205 __ |a初版 210 __ |a臺北市|c天使出版國際文化|d2018[民107] 215 0_ |a251面|c圖|d21公分 225 12 |a水泉作品|v36 300 __ |a 517 1_ |a護印|zchi 606 __ |2cst|a小說 700 _0 |a水泉|b|4著 702 _0 |a竹官@CIMIX|b|4繪圖 681 __ |a857.7|b889 v.8 801 _0 |atw|bLibDipper|c20190417|gCCR |